000 00749nam a22001817a 4500
005 20241004135053.0
008 241004b ||||| |||| 00| 0 eng d
040 _cSSBUL
041 _aMyanmar
082 _223
_a၂၉၄.၃ ဘ
_b၁၃၁၂၁ S-SAT
100 0 _aဦးဘပု
_954875
245 1 _aဗုဒ္ဓဘာသာအခြေခံလက်စွဲကျမ်း /
_cဦးဘပု။
260 _aရန်ကုန် ၊
_bဟံသာဝတီပိဋကတ်ပုံနှိပ်တိုက်၊
_c၁၉၇၈။
300 _aဒ၊ ၄၄၁ စာမျက်နှာ ၊
_c၂၃ စင်တီ။
500 _aS-SAT: Prof. Dr. Sai Aung Tun
650 _aဗုဒ္ဓဘာသာ
942 _2ddc
_cBK1
999 _c40920
_d40920